LEADERSHIP AND SMALL BUSINESS : The Power of Stories

Bibliographic Details
Main Author: Hutchinson, Karise (Author)
Format: Book
Language:English
Published: Basingstoke, Hampshire: Palgrave Macmillan, 2017.
Subjects:
LEADER 00731cam a2200229 7i4500
001 0000035643
005 20190418090000.0
007 ##ta
008 190418s2017 enka o 000 eng d
020 # # |a 9783319647760  
040 # # |a MATR 
090 0 0 |a B 658.022   |b HUT 
100 1 # |a Hutchinson, Karise   |e author  
245 1 0 |a LEADERSHIP AND SMALL BUSINESS :   |b The Power of Stories   |c Karise Hutchinson. 
264 # 1 |a Basingstoke, Hampshire:   |b Palgrave Macmillan,   |c 2017. 
300 # # |a xxi, 173 pages:   |b illustrations;   |c 23 cm. 
336 # # |a text  |2 rdacontent 
337 # # |a unmediated  |2 rdamedia 
338 # # |a volume  |2 rdacarrier 
650 # 0 |a Small business  
650 # 0 |a Leadership  
999 |a B000040401  |b Book  |c Book  |e Business Information Centre